| 000 | 00439cam a2200181 4500 | ||
|---|---|---|---|
| 001 | D1176 | ||
| 008 | 090401t1984 xxu||||| |||| 00| 0 eng d | ||
| 035 | _a(Sirsi) u62854 | ||
| 041 | _aeng | ||
| 050 | _a697.1 | ||
| 100 | _aBaden-Powell, Charlotte | ||
| 245 | _aFireplace design and construction | ||
| 260 |
_aLondon _bGeorge Godwin _c1984 |
||
| 300 | _aviii. 168p. illus. 24cm | ||
| 350 | _a19.5 | ||
| 942 | _n0 | ||
| 948 | _c04/03/1997 | ||
| 999 |
_c94488 _d94488 |
||